[Event "4NCL Division Three Bishops"]
[Site "Daventry, ENG"]
[Date "2024.05.04"]
[Round "9.11"]
[White "Michaud, Gerald"]
[Black "Pal, Rohan"]
[Result "0-1"]
[WhiteElo "1917"]
[BlackElo "2182"]
[PlyCount "90"]
[EventDate "2024.05.04"]
[WhiteTeam "Sussex Martlets 3"]
[BlackTeam "Warwickshire Select 2"]

1. d4 Nf6 2. Nf3 d5 3. e3 Bf5 4. Nbd2 e6 5. c4 c6 6. Be2 Nbd7 7. O-O h6 8. b3 Bd6 9. Bb2 Qb8 10. h3 O-O 11. c5 Be7 12. b4 b6 13. Bc3 a5 14. a3 Qb7 15. Re1 a4 16. Ra2 Bh7 17. Rb2 Ne4 18. Nxe4 dxe4 19. Nd2 b5 20. f3 Bg5 21. Nf1 Nf6 22. f4 Nd5 23. Bd2 Be7 24. Nh2 f5 25. g3 g5 26. Kh1 Kh8 27. Bh5 Bf6 28. Rc2 Rg8 29. Rg1 Rg7 30. Bc1 Rag8 31. fxg5 Rxg5 32. Nf1 Bd8 33. Bb2 Bc7 34. Bf7 R8g7 35. Bxe6 Bg8 36. Bxd5 Bxd5 37. Rcg2 Qc8 38. Qe2 f4 39. gxf4 Qxh3+ 40. Nh2 Bxf4 41. Rxg5 hxg5 42. Bc1 Rh7 43. Rg2 Bc7 44. Kg1 g4 45. Qf2 Rf7 0-1

[Event "4NCL Division Three Bishops"]
[Site "Daventry, ENG"]
[Date "2024.05.04"]
[Round "9.12"]
[White "Paterson, Andrew I"]
[Black "Howell, Susan C"]
[Result "1/2-1/2"]
[WhiteElo "2128"]
[BlackElo "1803"]
[PlyCount "70"]
[EventDate "2024.05.04"]
[WhiteTeam "Warwickshire Select 2"]
[BlackTeam "Sussex Martlets 3"]

1. c4 Nf6 2. Nc3 e6 3. e4 d6 4. d4 Be7 5. Nf3 c5 6. dxc5 dxc5 7. Qxd8+ Bxd8 8. e5 Nfd7 9. Bf4 Nc6 10. O-O-O O-O 11. Bd3 Nb6 12. b3 a5 13. a4 f5 14. Nb5 h6 15. h4 Be7 16. Be2 Bd7 17. Nd6 Bxd6 18. Rxd6 Rf7 19. Rhd1 Rd8 20. R6d2 Nc8 21. g3 b6 22. h5 Kf8 23. Kb2 Ke7 24. Bf1 Be8 25. Rxd8 Nxd8 26. Nh4 Bc6 27. Be2 Ke8 28. Ng6 Rd7 29. g4 Rxd1 30. Bxd1 fxg4 31. Bxg4 Kf7 32. Bg3 Bd7 33. Bh4 Nc6 34. Bf6 Nd4 35. Be7 Bc6 1/2-1/2

[Event "4NCL Division Three Bishops"]
[Site "Daventry, ENG"]
[Date "2024.05.04"]
[Round "9.13"]
[White "Woods, Timothy J"]
[Black "Fellowes, Billy"]
[Result "0-1"]
[WhiteElo "1672"]
[BlackElo "2093"]
[PlyCount "54"]
[EventDate "2024.05.04"]
[WhiteTeam "Sussex Martlets 3"]
[BlackTeam "Warwickshire Select 2"]

1. e4 Nc6 2. d4 d5 3. e5 Bf5 4. a3 f6 5. f4 e6 6. Nf3 Nh6 7. Nc3 Be7 8. Be2 O-O 9. O-O Be4 10. Bd3 Bxf3 11. Rxf3 Nxd4 12. Bxh7+ Kxh7 13. Qxd4 c5 14. Qd3+ f5 15. Rh3 c4 16. Qf3 Bc5+ 17. Kh1 d4 18. Nd1 Qa5 19. c3 Rad8 20. Bd2 Qb6 21. cxd4 Rxd4 22. Bc3 Rd3 23. Qh5 Rfd8 24. Rxd3 Rxd3 25. h3 Qc6 26. Kh2 Qe4 27. Qh4 Qe2 0-1

[Event "4NCL Division Three Bishops"]
[Site "Daventry, ENG"]
[Date "2024.05.04"]
[Round "9.14"]
[White "Vaidyanathan, Adithya"]
[Black "Wannasin Bell, Charlie"]
[Result "1-0"]
[WhiteElo "2153"]
[BlackElo "1715"]
[PlyCount "69"]
[EventDate "2024.05.04"]
[WhiteTeam "Warwickshire Select 2"]
[BlackTeam "Sussex Martlets 3"]

1. Nf3 Nf6 2. d4 c5 3. d5 e6 4. c4 exd5 5. cxd5 d6 6. Nc3 g6 7. e4 Bg7 8. Bf4 O-O 9. Bd3 Re8 10. O-O c4 11. Bc2 a6 12. a4 Bg4 13. h3 Bxf3 14. Qxf3 Qc7 15. Rfe1 Nbd7 16. Rad1 Nh5 17. Bh2 Rab8 18. g4 Nhf6 19. Qg3 Ne5 20. f4 Qb6+ 21. Kh1 Nexg4 22. hxg4 Qxb2 23. Re2 Nxg4 24. Qxg4 Qxc3 25. Qg3 b5 26. axb5 axb5 27. Qxc3 Bxc3 28. e5 b4 29. Re4 b3 30. Bb1 Ba1 31. Rxc4 dxe5 32. d6 exf4 33. d7 Red8 34. Bxf4 Rb7 35. Rc8 1-0

[Event "4NCL Division Three Bishops"]
[Site "Daventry, ENG"]
[Date "2024.05.04"]
[Round "9.15"]
[White "Blin, Henri"]
[Black "Green, Anthony J"]
[Result "1/2-1/2"]
[WhiteElo "1545"]
[BlackElo "1943"]
[PlyCount "93"]
[EventDate "2024.05.04"]
[WhiteTeam "Sussex Martlets 3"]
[BlackTeam "Warwickshire Select 2"]

1. e4 d6 2. d4 Nf6 3. Nc3 Nbd7 4. Nf3 e5 5. Bc4 Be7 6. O-O O-O 7. Re1 c6 8. a4 b6 9. Bg5 a6 10. Qe2 h6 11. Bh4 Nh7 12. Bxe7 Qxe7 13. dxe5 dxe5 14. Rad1 b5 15. axb5 axb5 16. Bb3 Nc5 17. Qd2 Bg4 18. Qd6 Qxd6 19. Rxd6 Bxf3 20. gxf3 Rfc8 21. Rc1 Kf8 22. Ne2 Ke7 23. Rcd1 Nf6 24. Ng3 g6 25. R6d2 Nxb3 26. cxb3 Rd8 27. Rxd8 Rxd8 28. Rxd8 Kxd8 29. b4 Kd7 30. Ne2 Kd6 31. Kf1 c5 32. Ke1 cxb4 33. Nc1 Nd7 34. Nd3 b3 35. Kd2 Nc5 36. Nxc5 Kxc5 37. Kc3 f5 38. exf5 gxf5 39. Kxb3 b4 40. Kc2 Kc4 41. b3+ Kd4 42. Kd2 h5 43. h4 f4 44. Kc2 e4 45. Kd1 Kd3 46. fxe4 Kxe4 47. Ke2 1/2-1/2

[Event "4NCL Division Three Bishops"]
[Site "Daventry, ENG"]
[Date "2024.05.04"]
[Round "9.16"]
[White "Cundy, Mark A"]
[Black "Holland, Emilia M"]
[Result "1-0"]
[WhiteElo "1914"]
[BlackElo "1600"]
[PlyCount "89"]
[EventDate "2024.05.04"]
[WhiteTeam "Warwickshire Select 2"]
[BlackTeam "Sussex Martlets 3"]

1. e4 c5 2. Nf3 d6 3. d4 cxd4 4. Nxd4 Nf6 5. Nc3 a6 6. Be3 e6 7. f3 Be7 8. Qd2 O-O 9. O-O-O b5 10. g4 Bb7 11. g5 Ne8 12. h4 Nc6 13. Bg2 Rc8 14. Kb1 Ne5 15. Qe2 b4 16. Na4 Nc4 17. Bc1 Qa5 18. b3 Na3+ 19. Bxa3 bxa3 20. c4 Bc6 21. Nxc6 Rxc6 22. Qd2 Qxd2 23. Rxd2 f6 24. f4 fxg5 25. fxg5 Rf4 26. Kc2 Rc7 27. Nc3 h6 28. Bh3 Kf7 29. Rg2 hxg5 30. hxg5 Rc5 31. g6+ Kf6 32. Kd2 Rg5 33. Rxg5 Kxg5 34. Bxe6 Kxg6 35. Ke2 Nc7 36. Bf5+ Kf7 37. Rg1 Bf6 38. Ke3 Rh4 39. Ne2 Ne6 40. Rd1 Be5 41. Rd5 Nc5 42. b4 Na4 43. c5 Nc3 44. Nxc3 Bxc3 45. c6 1-0

[Event "4NCL Division Three Bishops"]
[Site "Daventry, ENG"]
[Date "2024.05.04"]
[Round "9.21"]
[White "Agnew, Alan"]
[Black "Stoica, Savas Marin"]
[Result "0-1"]
[WhiteElo "2062"]
[BlackElo "2278"]
[PlyCount "99"]
[EventDate "2024.05.04"]
[WhiteTeam "The Rookies"]
[BlackTeam "Barnet Knights B"]

1. d4 Nf6 2. Nf3 g6 3. c4 Bg7 4. Nc3 d5 5. cxd5 Nxd5 6. e4 Nxc3 7. bxc3 c5 8. Rb1 O-O 9. Be2 cxd4 10. cxd4 Qa5+ 11. Qd2 Nc6 12. Qxa5 Nxa5 13. Ba3 Bg4 14. d5 f5 15. Bxe7 Rfe8 16. d6 fxe4 17. Ng5 Bd7 18. O-O Be5 19. Bb5 Bc6 20. Rfd1 h6 21. d7 Rxe7 22. d8=Q+ Rxd8 23. Rxd8+ Kg7 24. Nh3 Bc7 25. Rdd1 g5 26. Kf1 Bb6 27. g3 e3 28. Re1 Be4 29. Rbd1 Bf5 30. Kg2 a6 31. Bd3 Bd7 32. f3 Nc6 33. Ng1 g4 34. Be4 gxf3+ 35. Bxf3 Nd4 36. Rb1 Nxf3 37. Nxf3 Bc5 38. Rec1 b6 39. Rc3 Be6 40. Re1 a5 41. g4 a4 42. Rcxe3 Bd5 43. R3e2 Rf7 44. Re3 Bxe3 45. Rxe3 Bxa2 46. Nd4 Bd5+ 47. Kg3 Ra7 48. Ra3 Be4 49. Ne6+ Kh7 50. Nd8 0-1

[Event "4NCL Division Three Bishops"]
[Site "Daventry, ENG"]
[Date "2024.05.04"]
[Round "9.22"]
[White "Willmoth, Robert F"]
[Black "Okhai, Shabir"]
[Result "1/2-1/2"]
[WhiteElo "2191"]
[BlackElo "2086"]
[PlyCount "85"]
[EventDate "2024.05.04"]
[WhiteTeam "Barnet Knights B"]
[BlackTeam "The Rookies"]

1. Nf3 Nf6 2. e3 e6 3. c4 c5 4. Nc3 Be7 5. d4 O-O 6. d5 exd5 7. cxd5 d6 8. Be2 Bg4 9. O-O Bxf3 10. Bxf3 Nbd7 11. b3 Ne8 12. Bb2 Bf6 13. Rb1 Qa5 14. Qc2 b5 15. a4 bxa4 16. Nxa4 Bxb2 17. Nxb2 Ne5 18. Be2 Qd8 19. Ra1 Nf6 20. e4 Qe7 21. h3 Rfb8 22. Ra3 Rb4 23. f3 Rab8 24. Rfa1 R8b7 25. Nc4 g5 26. Qa2 Nfd7 27. Na5 Rc7 28. Nc6 Nxc6 29. dxc6 Ne5 30. Rxa7 Nxc6 31. Ra8+ Kg7 32. Bc4 Qf6 33. Qf2 Rb8 34. R1a6 Rxa8 35. Rxa8 Ra7 36. Rxa7 Nxa7 37. g3 Nc6 38. f4 gxf4 39. gxf4 Nd4 40. Kh2 Kf8 41. Qg3 Nc2 42. Qg5 Qxg5 43. fxg5 1/2-1/2

[Event "4NCL Division Three Bishops"]
[Site "Daventry, ENG"]
[Date "2024.05.04"]
[Round "9.23"]
[White "Compton, Alistair"]
[Black "Pang, Ethan"]
[Result "1/2-1/2"]
[WhiteElo "2084"]
[BlackElo "1975"]
[PlyCount "72"]
[EventDate "2024.05.04"]
[WhiteTeam "The Rookies"]
[BlackTeam "Barnet Knights B"]

1. e4 c5 2. f4 d5 3. exd5 Nf6 4. Nc3 Nxd5 5. Nxd5 Qxd5 6. Qf3 e6 7. Bb5+ Bd7 8. Bxd7+ Qxd7 9. b3 Nc6 10. Bb2 Nb4 11. O-O-O Nxa2+ 12. Kb1 Nb4 13. f5 O-O-O 14. Ne2 Qd5 15. fxe6 Qxe6 16. Rhf1 f6 17. Ng3 Nc6 18. Rfe1 Qd5 19. Qf5+ Qd7 20. Qe4 Bd6 21. Nf5 Be5 22. Bxe5 fxe5 23. Ne3 g6 24. Nc4 Rhe8 25. c3 Qf5 26. g4 Qxe4+ 27. Rxe4 b5 28. Ne3 Rf8 29. g5 Rf2 30. Ng4 Rfxd2 31. Rxd2 Rxd2 32. Nxe5 Nxe5 33. Rxe5 Kc7 34. Rxc5+ Kb6 35. Re5 Rxh2 36. b4 a6 1/2-1/2

[Event "4NCL Division Three Bishops"]
[Site "Daventry, ENG"]
[Date "2024.05.04"]
[Round "9.24"]
[White "Sanitt, Ethan"]
[Black "Byron, Alan M"]
[Result "1-0"]
[WhiteElo "2050"]
[BlackElo "2110"]
[PlyCount "61"]
[EventDate "2024.05.04"]
[WhiteTeam "Barnet Knights B"]
[BlackTeam "The Rookies"]

1. c4 Nf6 2. Nc3 g6 3. g3 Bg7 4. Bg2 O-O 5. d3 c5 6. e4 d6 7. Nge2 Nc6 8. O-O a6 9. h3 Rb8 10. a4 Ne8 11. Be3 Bd7 12. d4 cxd4 13. Nxd4 Nc7 14. Nd5 Na5 15. Rc1 e6 16. Nb6 Na8 17. Nxa8 Rxa8 18. b4 Nc6 19. Nxc6 Bxc6 20. b5 axb5 21. cxb5 Be8 22. Bf4 e5 23. Bd2 Bf6 24. Kh2 Qb6 25. Bb4 Be7 26. Ra1 Bd7 27. f4 Rfe8 28. fxe5 dxe5 29. Qxd7 Rad8 30. Qxe7 Rxe7 31. Bxe7 1-0

[Event "4NCL Division Three Bishops"]
[Site "Daventry, ENG"]
[Date "2024.05.04"]
[Round "9.25"]
[White "Burrows, Martin P"]
[Black "Ethelontis, Alexandros N"]
[Result "1-0"]
[WhiteElo "2114"]
[BlackElo "2072"]
[PlyCount "65"]
[EventDate "2024.05.04"]
[WhiteTeam "The Rookies"]
[BlackTeam "Barnet Knights B"]

1. e4 e6 2. d4 d5 3. Nc3 Bb4 4. e5 c5 5. a3 Bxc3+ 6. bxc3 Ne7 7. Qg4 Nf5 8. Bd3 h5 9. Qf4 Qc7 10. Bd2 Nc6 11. Bxf5 exf5 12. Nf3 Be6 13. O-O Ne7 14. dxc5 Qxc5 15. Nd4 O-O-O 16. Rfe1 h4 17. Rab1 a6 18. Qf3 Rd7 19. Bg5 g6 20. Rb4 Nc6 21. Nxc6 Qxc6 22. Bxh4 Rc7 23. Bf6 Re8 24. Reb1 b5 25. a4 bxa4 26. c4 d4 27. Rb8+ Kd7 28. Rxe8 Kxe8 29. Rb8+ Bc8 30. Qh3 Kd7 31. Qh8 Ke6 32. Rb6 Bb7 33. Qe8+ 1-0

[Event "4NCL Division Three Bishops"]
[Site "Daventry, ENG"]
[Date "2024.05.04"]
[Round "9.26"]
[White "Hung, Jake"]
[Black "Pyun, Lindsay"]
[Result "1-0"]
[WhiteElo "1930"]
[BlackElo "1897"]
[PlyCount "93"]
[EventDate "2024.05.04"]
[WhiteTeam "Barnet Knights B"]
[BlackTeam "The Rookies"]

1. c4 e5 2. g3 Nf6 3. Bg2 d5 4. cxd5 Nxd5 5. Nc3 Nb6 6. Nf3 Nc6 7. O-O Be7 8. a4 a5 9. d3 O-O 10. Be3 Re8 11. Nb5 Be6 12. Rc1 Nd5 13. Bc5 Ndb4 14. Bxe7 Rxe7 15. Ng5 Bd5 16. e4 Be6 17. Qh5 h6 18. Nxe6 fxe6 19. Rfd1 Nd4 20. Rc4 Rd7 21. Nxd4 exd4 22. e5 c6 23. Bh3 Qe7 24. Qg4 Re8 25. Rxd4 Nd5 26. Rc4 Nb6 27. Rd4 Nd5 28. Qg6 Qf7 29. Qxf7+ Kxf7 30. Bg2 Rc8 31. Rc1 c5 32. Bxd5 exd5 33. Rf4+ Ke6 34. Re1 Rc6 35. Rg4 Kf5 36. Rf4+ Ke6 37. Rf8 Rb6 38. f4 Rf7 39. Rd8 Rc6 40. Kf2 Rfc7 41. Rd6+ Ke7 42. Rxd5 Rd6 43. Rc1 b6 44. d4 c4 45. Rb5 g5 46. Ke3 gxf4+ 47. gxf4 1-0

[Event "4NCL Division Three Bishops"]
[Site "Daventry, ENG"]
[Date "2024.05.04"]
[Round "9.31"]
[White "Pozimski, Szymon"]
[Black "Cumbers, Paul"]
[Result "0-1"]
[WhiteElo "2131"]
[BlackElo "2117"]
[PlyCount "118"]
[EventDate "2024.05.04"]
[WhiteTeam "Oxford 2"]
[BlackTeam "Ashfield 1"]

1. g3 e5 2. d4 exd4 3. Qxd4 Nc6 4. Qd3 d5 5. Bg2 Be6 6. c3 Qd7 7. Bf4 Nf6 8. Nf3 h6 9. O-O Be7 10. Nbd2 O-O 11. Nb3 a6 12. Rad1 Rad8 13. Ne5 Nxe5 14. Bxe5 Qc8 15. Bxf6 Bxf6 16. Nd4 Bg4 17. Bf3 Bh3 18. Bg2 Rfe8 19. Bxh3 Qxh3 20. Rfe1 Re5 21. Qf3 Rde8 22. e3 c6 23. Ne2 Qc8 24. Nf4 Bd8 25. Rd2 Bb6 26. Ng2 Qh3 27. Nf4 Qf5 28. Qd1 Ba7 29. Qc2 Qxc2 30. Rxc2 g5 31. Nd3 Re4 32. Rd1 f5 33. Kg2 Kf7 34. b3 Kf6 35. Rcd2 R8e7 36. Kf3 a5 37. h3 h5 38. Rc2 h4 39. gxh4 Rxh4 40. Nb2 Rxh3+ 41. Kg2 Reh7 42. c4 Rh2+ 43. Kf1 Rh1+ 44. Ke2 Rxd1 45. Nxd1 d4 46. c5 Re7 47. a3 dxe3 48. fxe3 Re4 49. Nf2 Rh4 50. Kf3 Bb8 51. Rd2 g4+ 52. Ke2 Rh2 53. Rd8 Bg3 54. Rf8+ Ke6 55. Re8+ Kd7 56. Rf8 Rxf2+ 57. Kd3 Be5 58. Rf7+ Ke6 59. Rxb7 g3 0-1

[Event "4NCL Division Three Bishops"]
[Site "Daventry, ENG"]
[Date "2024.05.04"]
[Round "9.32"]
[White "Mossong, Hubert"]
[Black "Murawski, Jan"]
[Result "1/2-1/2"]
[WhiteElo "2067"]
[BlackElo "1963"]
[PlyCount "120"]
[EventDate "2024.05.04"]
[WhiteTeam "Ashfield 1"]
[BlackTeam "Oxford 2"]

1. e4 e5 2. Nc3 Nf6 3. d3 d5 4. Bg5 dxe4 5. dxe4 Be7 6. Qxd8+ Bxd8 7. Bc4 c6 8. a4 Nbd7 9. f3 Nc5 10. Be3 Be6 11. Bxe6 Nxe6 12. Nge2 Bb6 13. Kf2 Ke7 14. a5 Bxe3+ 15. Kxe3 Rhd8 16. Rhd1 Ne8 17. Na4 Rxd1 18. Rxd1 Nd6 19. b3 Rd8 20. Rd3 Nb5 21. Rxd8 Kxd8 22. c3 Kc7 23. g3 Kd6 24. f4 f6 25. Nb2 Nc5 26. Nc4+ Ke6 27. b4 Nd7 28. Kd3 c5 29. Ne3 cxb4 30. cxb4 Nb8 31. Nd5 Nc6 32. f5+ Kd7 33. g4 Nd6 34. h4 Ne7 35. Ne3 Nc6 36. Nd5 Ne7 37. Nxe7 Kxe7 38. Ng3 b5 39. Ne2 Kf7 40. Nc3 Kf8 41. Ke3 Kf7 42. Kf3 h6 43. Nd5 Ne8 44. Ne3 Nd6 45. Nc2 Ne8 46. Ne1 Nc7 47. Nd3 Na6 48. g5 hxg5 49. hxg5 Kf8 50. Kg4 Kg8 51. g6 Kf8 52. Kf3 Ke7 53. Ke3 Kd6 54. Kd2 Ke7 55. Kc3 Kd6 56. Kb3 Ke7 57. Nb2 Kd6 58. Nd1 Nc7 59. Nc3 Kc6 60. Ne2 Kd6 1/2-1/2

[Event "4NCL Division Three Bishops"]
[Site "Daventry, ENG"]
[Date "2024.05.04"]
[Round "9.33"]
[White "Brackmann, Hendrik"]
[Black "Mercs, Peter J"]
[Result "1-0"]
[WhiteElo "2062"]
[BlackElo "2027"]
[PlyCount "117"]
[EventDate "2024.05.04"]
[WhiteTeam "Oxford 2"]
[BlackTeam "Ashfield 1"]

1. e4 c5 2. Nf3 d6 3. d4 cxd4 4. Nxd4 Nf6 5. Nc3 Nc6 6. Bg5 e6 7. Qd2 Bd7 8. O-O-O a6 9. Kb1 h6 10. Be3 Ng4 11. Nxc6 bxc6 12. Bf4 e5 13. Bg3 Be7 14. Bc4 O-O 15. f4 Be6 16. Bxe6 fxe6 17. Qe2 exf4 18. Qxg4 fxg3 19. Qxe6+ Kh7 20. e5 d5 21. Qxc6 gxh2 22. Nxd5 Rc8 23. Qxa6 Qe8 24. Rxh2 Bg5 25. Qd3+ Kh8 26. Qe4 Rf2 27. c3 Qb5 28. Nb4 Rcf8 29. Nd3 Rb8 30. Qb4 Qe8 31. Qe4 Qb5 32. Qb4 Qe8 33. Qc5 Re2 34. Rhh1 Qg6 35. Ka1 Bd2 36. Qd6 Qe8 37. Nb4 Bf4 38. Rhe1 Rxg2 39. Qd4 Bg5 40. Qe4 Rf2 41. Rf1 Rh2 42. Rh1 Rf2 43. Rdf1 Rd2 44. e6 Rbd8 45. Nc6 R8d6 46. e7 Bf6 47. Ne5 R6d5 48. Ng6+ Kg8 49. Qe6+ Kh7 50. Nf8+ Kh8 51. Rxh6+ gxh6 52. Qxf6+ Kg8 53. Qe6+ Kg7 54. Qf6+ Kg8 55. Rg1+ Rg5 56. Rxg5+ hxg5 57. Qxg5+ Kf7 58. Qxd2 Qxe7 59. Qf2+ 1-0

[Event "4NCL Division Three Bishops"]
[Site "Daventry, ENG"]
[Date "2024.05.04"]
[Round "9.34"]
[White "Coates, David H"]
[Black "Wilson, Edgar"]
[Result "1/2-1/2"]
[WhiteElo "2044"]
[BlackElo "1954"]
[PlyCount "114"]
[EventDate "2024.05.04"]
[WhiteTeam "Ashfield 1"]
[BlackTeam "Oxford 2"]

1. d4 d5 2. c4 e6 3. Nc3 Nf6 4. cxd5 exd5 5. Bg5 Be7 6. e3 h6 7. Bh4 O-O 8. Bd3 b6 9. Nge2 Bb7 10. O-O Nbd7 11. Rc1 c5 12. dxc5 bxc5 13. Bb1 Re8 14. Qc2 Nf8 15. Rcd1 Rc8 16. Rd2 Qb6 17. Qd1 Ne4 18. Bxe4 dxe4 19. Bxe7 Rxe7 20. Nf4 Ree8 21. Qg4 Rcd8 22. Rfd1 Rxd2 23. Rxd2 Rd8 24. Qd1 Rxd2 25. Qxd2 Ne6 26. Nxe6 Qxe6 27. Qd8+ Kh7 28. Qc7 Qb6 29. Qxb6 axb6 30. Na4 Bd5 31. a3 Kg6 32. Nxb6 Bc6 33. Kf1 Kf5 34. Ke2 Bb5+ 35. Ke1 Ke5 36. f3 f5 37. a4 Ba6 38. f4+ Kd6 39. Kd2 Kc6 40. a5 Bf1 41. g3 Kb5 42. Nd7 Kb4 43. h4 Bb5 44. Ne5 Kxa5 45. Kc3 Kb6 46. Kb3 Be8 47. Kc4 Bc6 48. Nxc6 Kxc6 49. h5 Kd6 50. b4 cxb4 51. Kxb4 Kd5 52. Kb5 Kd6 53. Kc4 Kc6 54. Kd4 Kd6 55. Kc4 Kc6 56. Kb4 Kb6 57. Kc4 Kc6 1/2-1/2

[Event "4NCL Division Three Bishops"]
[Site "Daventry, ENG"]
[Date "2024.05.04"]
[Round "9.35"]
[White "Hertog, Alexander"]
[Black "Naylor-Eade, Michael A"]
[Result "0-1"]
[WhiteElo "1887"]
[BlackElo "2046"]
[PlyCount "84"]
[EventDate "2024.05.04"]
[WhiteTeam "Oxford 2"]
[BlackTeam "Ashfield 1"]

1. d4 d5 2. c4 e6 3. Nf3 Nf6 4. g3 Bb4+ 5. Bd2 Be7 6. Bg2 O-O 7. O-O Nbd7 8. Qc2 Ne4 9. Nc3 Ndf6 10. Ne5 Nxd2 11. Qxd2 c6 12. Rfd1 Ne8 13. Qd3 f6 14. Nf3 Nd6 15. c5 Nf7 16. e4 Qc7 17. Re1 Rd8 18. exd5 exd5 19. Re3 Bf8 20. b4 Bg4 21. Rae1 Qd7 22. a4 b6 23. Nh4 Nh6 24. f3 Bh5 25. Qf1 g5 26. Bh3 f5 27. Ng2 bxc5 28. bxc5 Bg6 29. g4 f4 30. Re6 Bg7 31. Qf2 Re8 32. R6e2 Rxe2 33. Nxe2 Qb7 34. Kh1 Qb2 35. Rd1 Re8 36. Re1 Bd3 37. Ngxf4 gxf4 38. g5 Nf5 39. Bxf5 Bxf5 40. Kg2 Qd2 41. Kf1 Bd3 42. h4 Bxd4 0-1

[Event "4NCL Division Three Bishops"]
[Site "Daventry, ENG"]
[Date "2024.05.04"]
[Round "9.36"]
[White "Garnett, John S"]
[Black "Foster, Timothy"]
[Result "0-1"]
[WhiteElo "1980"]
[BlackElo "1902"]
[PlyCount "68"]
[EventDate "2024.05.04"]
[WhiteTeam "Ashfield 1"]
[BlackTeam "Oxford 2"]

1. d4 Nf6 2. Bg5 g6 3. Bxf6 exf6 4. e3 d5 5. c4 dxc4 6. Bxc4 Bd6 7. Nc3 c6 8. Nge2 O-O 9. Rc1 Nd7 10. O-O f5 11. g3 Nf6 12. Qc2 Qe7 13. a3 Ne4 14. b4 a5 15. d5 axb4 16. axb4 Bxb4 17. dxc6 bxc6 18. Ra1 Rxa1 19. Rxa1 Qe5 20. Rc1 Bxc3 21. Nxc3 Rd8 22. Nxe4 fxe4 23. Qb3 Qf6 24. Rd1 Rxd1+ 25. Qxd1 Be6 26. Bf1 Bd5 27. Qa4 Kg7 28. Bg2 Qe5 29. Qd4 Qxd4 30. exd4 Kf6 31. Kf1 Ke6 32. h4 Bc4+ 33. Ke1 Kd5 34. f3 f5 0-1

[Event "4NCL Division Three Bishops"]
[Site "Daventry, ENG"]
[Date "2024.05.04"]
[Round "9.41"]
[White "Truran, Michael C"]
[Black "Rawlinson, Aidan M"]
[Result "1/2-1/2"]
[WhiteElo "2110"]
[BlackElo "2184"]
[PlyCount "49"]
[EventDate "2024.05.04"]
[WhiteTeam "Brown Jack"]
[BlackTeam "Greater Woodpushers"]

1. d4 g6 2. c4 Bg7 3. Nc3 Nf6 4. Nf3 O-O 5. Bf4 d5 6. e3 c5 7. dxc5 Ne4 8. Qb3
Qa5 9. Be5 Bxe5 10. Nxe5 Nd7 11. Nxd7 Bxd7 12. cxd5 Rac8 13. f3 Nxc5 14. Qa3
Qxa3 15. bxa3 Nd3+ 16. Kd2 Ne5 17. Rb1 b6 18. Rb4 Rc5 19. Be2 Rfc8 20. Rc1 f5
21. h3 Kg7 22. Rd4 Nf7 23. Ba6 R8c7 24. a4 Kf6 25. Ne2 1/2-1/2

[Event "4NCL Division Three Bishops"]
[Site "Daventry, ENG"]
[Date "2024.05.04"]
[Round "9.42"]
[White "McLean, Robert"]
[Black "Ogunshola, Ben"]
[Result "1/2-1/2"]
[WhiteElo "2140"]
[BlackElo "2042"]
[PlyCount "49"]
[EventDate "2024.05.04"]
[WhiteTeam "Greater Woodpushers"]
[BlackTeam "Brown Jack"]

1. e4 c5 2. Nf3 d6 3. d4 cxd4 4. Nxd4 Nf6 5. Nc3 a6 6. Bg5 Nbd7 7. f4 Qb6 8.
Qd2 g6 9. O-O-O Bg7 10. Bc4 Qc5 11. Bb3 O-O 12. f5 Nb6 13. Bh6 Nc4 14. Bxc4
Qxc4 15. h4 e5 16. fxe6 Bxe6 17. Bxg7 Kxg7 18. h5 Rae8 19. Nf5+ Bxf5 20. exf5
Nxh5 21. Rxh5 gxh5 22. Qg5+ Kh8 23. Qf6+ Kg8 24. Qg5+ Kh8 25. Qf6+ 1/2-1/2

[Event "4NCL Division Three Bishops"]
[Site "Daventry, ENG"]
[Date "2024.05.04"]
[Round "9.43"]
[White "Pereslavtsev, Alexandr"]
[Black "Zhu, Yaoyao"]
[Result "0-1"]
[WhiteElo "1947"]
[BlackElo "2111"]
[PlyCount "66"]
[EventDate "2024.05.04"]
[WhiteTeam "Brown Jack"]
[BlackTeam "Greater Woodpushers"]

1. d4 d5 2. c4 e6 3. Nc3 h6 4. cxd5 exd5 5. Bf4 Nf6 6. e3 Bd6 7. Bg3 c6 8. Bd3 O-O 9. Qc2 a5 10. Nf3 Bxg3 11. hxg3 Qe7 12. a3 Re8 13. Na4 Nbd7 14. Bf5 Ne4 15. Rh4 Ndf6 16. Bxc8 Raxc8 17. Nc5 b6 18. Na4 Nd7 19. Ke2 c5 20. Qd3 cxd4 21. Nxd4 Ndc5 22. Nxc5 bxc5 23. Nc2 Qf6 24. Rf4 Qxb2 25. Kf1 Rb8 26. Re1 Nf6 27. Ra4 Rb3 28. Qd1 Rc3 29. Re2 Qb5 30. Rf4 d4 31. Ne1 dxe3 32. fxe3 Rcxe3 33. Rf3 Ng4 0-1

[Event "4NCL Division Three Bishops"]
[Site "Daventry, ENG"]
[Date "2024.05.04"]
[Round "9.44"]
[White "Ackley, Peter J E"]
[Black "Parker, Francis"]
[Result "1/2-1/2"]
[WhiteElo "2081"]
[BlackElo "1945"]
[PlyCount "51"]
[EventDate "2024.05.04"]
[WhiteTeam "Greater Woodpushers"]
[BlackTeam "Brown Jack"]

1. c4 c6 2. Nf3 d5 3. e3 Nf6 4. b3 Bg4 5. Bb2 Nbd7 6. cxd5 cxd5 7. Be2 e6 8.
Nc3 Rc8 9. O-O Bd6 10. Nd4 Bxe2 11. Qxe2 O-O 12. f4 Re8 13. Rac1 a6 14. Nf3 e5
15. fxe5 Nxe5 16. Rc2 Nc6 17. Qd1 Nb4 18. Rc1 Nd3 19. Rb1 Bc5 20. Ne2 Ng4 21.
Bd4 Qe7 22. h3 Bxd4 23. Nexd4 Nge5 24. Nxe5 Qxe5 25. Qf3 Rc7 26. Qf5 1/2-1/2

[Event "4NCL Division Three Bishops"]
[Site "Daventry, ENG"]
[Date "2024.05.04"]
[Round "9.45"]
[White "Rabbitt, Michael"]
[Black "Lee, Daniel T"]
[Result "0-1"]
[WhiteElo "1952"]
[BlackElo "2102"]
[PlyCount "52"]
[EventDate "2024.05.04"]
[WhiteTeam "Brown Jack"]
[BlackTeam "Greater Woodpushers"]

1. e4 Nf6 2. e5 Nd5 3. c4 Nb6 4. d4 d6 5. f4 g6 6. Nc3 Bg7 7. Be3 Be6 8. b3 O-O
9. Nf3 Na6 10. h3 c5 11. d5 Bd7 12. Qd2 Re8 13. Rd1 Qc7 14. exd6 exd6 15. Kf2
Nc8 16. Be2 Qa5 17. Nb5 Qxd2 18. Rxd2 Bxb5 19. cxb5 Nc7 20. Bc4 Nb6 21. Ke2 Re7
22. Rd3 Rae8 23. Kd2 Nbxd5 24. Bxd5 Nxd5 25. Rxd5 Rxe3 26. Ne5 Rg3 0-1

[Event "4NCL Division Three Bishops"]
[Site "Daventry, ENG"]
[Date "2024.05.04"]
[Round "9.46"]
[White "Bak, Andrew"]
[Black "Headlong, Fenella"]
[Result "1-0"]
[WhiteElo "2038"]
[BlackElo "1843"]
[PlyCount "63"]
[EventDate "2024.05.04"]
[WhiteTeam "Greater Woodpushers"]
[BlackTeam "Brown Jack"]

1. e4 e5 2. Nf3 Nc6 3. Bc4 Bc5 4. b4 Bxb4 5. c3 Ba5 6. d4 b5 7. Bxb5 Nxd4 8.
Nxd4 exd4 9. Qxd4 Qf6 10. O-O Bb6 11. Qd3 Ne7 12. Ba3 O-O 13. Nd2 c6 14. Bc4
Re8 15. e5 Qf5 16. Ne4 d5 17. exd6 Nd5 18. Bxd5 cxd5 19. Nc5 Qxd3 20. Nxd3 Ba6
21. Rad1 Re2 22. Nb4 Bc4 23. Nxd5 Rxa2 24. Nxb6 axb6 25. d7 Rd8 26. Be7 Bxf1
27. Bxd8 Bb5 28. h3 Ra7 29. Bc7 Bxd7 30. Rxd7 h6 31. Rd8+ Kh7 32. Bxb6 1-0

[Event "4NCL Division Three Bishops"]
[Site "Daventry, ENG"]
[Date "2024.05.04"]
[Round "9.51"]
[White "Gayson, Peter M"]
[Black "Muetsch, Annmarie"]
[Result "1/2-1/2"]
[WhiteElo "2101"]
[BlackElo "2283"]
[PlyCount "47"]
[EventDate "2024.05.04"]
[WhiteTeam "Chessable White Rose 3"]
[BlackTeam "She Plays To Win Lionesses"]

1. e4 d6 2. d4 Nf6 3. Nc3 e5 4. dxe5 dxe5 5. Qxd8+ Kxd8 6. Bg5 Be6 7. O-O-O+
Kc8 8. f4 exf4 9. Nf3 Bb4 10. Bxf6 gxf6 11. Nd5 Bc5 12. Kb1 c6 13. Nxf4 Nd7 14.
Nd4 Bxd4 15. Rxd4 Kc7 16. Be2 a5 17. Rf1 Rhg8 18. g3 a4 19. a3 Ra5 20. Kc1 Rgg5
21. Rfd1 Nc5 22. Rf1 Nd7 23. Rfd1 Nc5 24. Rf1 1/2-1/2